Des mécanismes de paiements pour les échanges entre les Etats de la CEI.
Perspektívy obchodu medzi Spoločenstvom nezávislých štátov sú úzko späté s mechanizmom platieb. Ekonomický chaos a oslabenie politickej moci. Menová nezávislosť republík. Kompenzačné obchody v rámci SNŠ. Prehľad prístupov ku konvertibilite. (Economie prospective internationale 1992, č.49).
Salvato in:
| Autore principale: | |
|---|---|
| Natura: | Capitolo di libro |
| Lingua: | francese |
| Soggetti: | |
| Tags: |
Nessun Tag, puoi essere il primo ad aggiungerne!!
|
MARC
| LEADER | 00000naa a2200000 4500 | ||
|---|---|---|---|
| 001 | r008558 | ||
| 005 | 20220913124931.4 | ||
| 041 | 0 | |a fre | |
| 044 | |a FR | ||
| 245 | 1 | 0 | |a Des mécanismes de paiements pour les échanges entre les Etats de la CEI. |c M. Aglietta |
| 520 | |a Perspektívy obchodu medzi Spoločenstvom nezávislých štátov sú úzko späté s mechanizmom platieb. Ekonomický chaos a oslabenie politickej moci. Menová nezávislosť republík. Kompenzačné obchody v rámci SNŠ. Prehľad prístupov ku konvertibilite. (Economie prospective internationale 1992, č.49). | ||
| 610 | 2 | 0 | |a platby obchodné |
| 610 | 2 | 0 | |a Spoločenstvo nezávislých štátov |
| 610 | 2 | 0 | |a mena |
| 610 | 2 | 0 | |a obchod medzinárodný |
| 610 | 2 | 0 | |a konvertibilita |
| 610 | 2 | 0 | |a obchod kompenzačný |
| 100 | 1 | |a Aglietta, M. | |